000 00428nam a2200145Ia 4500
008 230917s9999||||xx |||||||||||||| ||und||
040 _e69516
_aMAIN
041 _aEnglish
082 _a667.9 M992T
100 _aMyers, Raymond R, ed
245 0 _aTreatise on coatings 5v. v 2 Part 1: Characterization of coaling:physical techniques Part 2
260 _aNew York
_bMarcel Dekker
_c1969
300 _axvi, 661 p.
942 _cBK
999 _c188698
_d188698